000 00626cam a22002291 4500
001 sa 66002160
003 DLC
005 20260227112227.0
008 890609s1965 ii 000 0 hino
010 _asa 66002160
035 _a(OCoLC)19842432
040 _aDLC
_cWaU
_dNRU
_dDLC
042 _apremarc
050 0 0 _aPK2095.M3
_bZ89
100 1 _aTiwari, Rampujan,
_d1914-
245 1 0 _aJāyasī.
260 _a[Dillī]
_bRādhākr̥shṇa Prakāśana
_c[1965]
300 _a135 p.
_c22 cm.
490 0 _aRādhākr̥shṇa mūlyāṅkana mālā
500 _aIn Hindi.
600 0 0 _aMalik Muhammad Jayasi,
_dactive 1540.
999 _c68185
_d68185